Đường lối cách mạng của Đảng Cộng Sản Việt Nam Tài liệu phục vụ dạy và học chương trình các môn lý luận chính trị trong các trường ĐH, CĐ

Zapisane w:
Opis bibliograficzny
1. autor: Nguyễn, Thành Độ
Kolejni autorzy: Nguyễn, Đăng Quang
Format: Książka
Język:Undetermined
Wydane: H. ĐH Kinh tế quốc dân 2008
Hasła przedmiotowe:
Dostęp online:http://lrc.tdmu.edu.vn/opac/search/detail.asp?aID=2&ID=5877
Etykiety: Dodaj etykietę
Nie ma etykietki, Dołącz pierwszą etykiete!
Thư viện lưu trữ: Trung tâm Học liệu Trường Đại học Thủ Dầu Một
LEADER 00888nam a2200217Ia 4500
001 TDMU_5877
008 210410s9999 xx 000 0 und d
082 |a 324.2597 
090 |b NG527 
100 |a Nguyễn, Thành Độ 
245 0 |a Đường lối cách mạng của Đảng Cộng Sản Việt Nam 
245 0 |b Tài liệu phục vụ dạy và học chương trình các môn lý luận chính trị trong các trường ĐH, CĐ 
245 0 |c Nguyễn Thành Độ 
260 |a H. 
260 |b ĐH Kinh tế quốc dân 
260 |c 2008 
300 |a 271tr 
650 |a Đảng Cộng Sản Việt Nam  |x Đường lối chính sách 
700 |a Nguyễn, Đăng Quang 
856 |u http://lrc.tdmu.edu.vn/opac/search/detail.asp?aID=2&ID=5877 
980 |a Trung tâm Học liệu Trường Đại học Thủ Dầu Một